| 000 | 00702nam a2200169 i 4500 | ||
|---|---|---|---|
| 001 | 20762 | ||
| 003 | ES-MaACL | ||
| 005 | 20230906152347.0 | ||
| 007 | t| | ||
| 008 | 021118s1945 xxu ||||1| spa d | ||
| 245 | 0 | 4 |
_aLas actividades hispánicas de la Biblioteca del Congreso _b: con un discurso de Archibald Mac Leish : [La Experiencia Americana]. |
| 260 |
_aWashington : _b[s.n., _c1945] ( _fImp. del Gobierno de los Estados Unidos) |
||
| 300 |
_a39 p., 1 lám. ; _c25 cm. |
||
| 500 | _aPublicado como parte del programa del Comité Interdepartamental de Cooperación Cultural y Científica, Publicación TC 219. | ||
| 700 | 1 |
_aMacLeish, Archibald. _975262 |
|
| 852 |
_aES-MaACL _j1525-F-28 _bR.26888 |
||
| 999 |
_c20762 _d20762 |
||